000 02421cam a2200481L 4500
001 ocn690655118
003 TZ-ArACH
005 20120403075522.0
008 100401s2010 fr f b 100 0 fre d
020 _a9782296111158 (br)
020 _a2296111157 (br)
035 _a(OCoLC)690655118
040 _aZWZ
_encafnor
_bfre
_cTZ-ArACH
_dLVB
_dUQ1
041 0 _afre
_aeng
049 _aTZAA
050 1 4 _aK3240
_b.D7565
245 0 0 _aDroit international humanitaire: états puissants et mouvements de résistance
_h[Texte imprimé] : états puissants et mouvements de résistance /
_csous la direction de Daniel Lagot.
260 _aParis :
_bl'Harmattan,
_cDL 2010.
300 _a1 vol. (200 p.) ;
_c22 cm.
490 1 _aQuestions contemporaines,
_x1286-8698
500 _aInterventions en anglais et en français.
504 _aNotes bibliogr.
550 _aOuvrage issu de la conférence organisée à Paris par l'ADIF en septembre 2009.
610 2 7 _aCour pénale internationale
_xCongrès.
_94424
650 7 _aDroit humanitaire
_xCongrès.
_94425
650 7 _aTribunaux internationaux
_xCongrès.
_94426
650 7 _aVictimes de guerre
_xStatut juridique
_xCongrès.
_94427
650 6 _aDroits de l'homme (Droit international)
_94428
650 6 _aDroits de l'homme
_xCoopération internationale.
_94429
650 1 7 _aDroit international humanitaire.
_94430
650 7 _aJustice (Droit)
_94431
650 7 _aMouvement de résistance.
_94432
650 7 _aResponsabilité de l'État.
_94433
700 1 _aLagot, Daniel.
_eDirecteur de la publication.
_94434
710 2 _aAssociation pour la promotion et le respect du droit international humanitaire.
_eOrganisation du congrès.
_94435
830 0 _aQuestions contemporaines.
_94436
942 _2lcc
_cBOOK
999 _c1588
_d1588